000 00309nam a22001337a 4500
008 171129b xxu||||| |||| 00| 0 eng d
020 _a9780721683362
041 _aeng
080 _a618.2
100 _a2
101 _aINF
245 _aPSYCHIATRIC NURSING CLINICAL GUIDE
_cVARCAROLIS,E.M
942 _2udc
_cBK
999 _c38605
_d38605